| 000 | 00822cab a2200217 4500 | ||
|---|---|---|---|
| 001 | ABS41515 | ||
| 008 | 090401t1989 xxu||||| |||| 00| 0 eng d | ||
| 035 | _a(Sirsi) u30692 | ||
| 041 | _aeng | ||
| 110 |
_aYue Choong Kog _9374 |
||
| 245 | _aAppraisal of an existing three-storey concrete building | ||
| 260 | _c1989 | ||
| 350 | _a0 | ||
| 490 |
_aStructural Engineer _v67(20) 17 October 1989, 360-263(3) |
||
| 520 | _aExamines the engineering issues involved in the appraisal of an existing three-storey concrete building. Looks at the approaches to the appraisal, details the load test, durability and fire resistance requirements for existing buildings. | ||
| 650 | _aBUILDING APPRAISAL | ||
| 650 | _aCONCRETE BUILDINGS | ||
| 690 | _aBUILT ENVIRONMENT-CONSTRUCTION DESIGN | ||
| 942 | _n0 | ||
| 948 | _c04/03/1997 | ||
| 999 |
_c20688 _d20688 |
||